000 00663nam a2200145 a 4500
008 120214s1993 xx |||||||||||||| || u
050 _aTHESIS/STUDENT
100 _aSimushi, Sitwala
245 1 0 _aBidding strategy -major contractors' competitive strategies to get jobs in Zambia
_cthesis by Simushi, Sitwala
260 _a
_bCopperbelt University, School of Built Environment, Department Building Science
_c1993
350 _a0.00
650 _aCONSTRUCTION INDUSTRY--ZAMBIA
650 _aBUILDING
995 _D0.00
_FCBU-MAIN LIBRARY (Kitwe)
_H1
_I0.00
_M1
_UAVAILABLE
_WFeb 14, 2012
_ZUniversity Collection
999 _c35844
_d35844